|
|
|
|
| LEADER |
01198nam a2200253 u 4500 |
| 001 |
10110767 |
| 003 |
GR-PaULI |
| 005 |
20220504134806.0 |
| 008 |
130822s2021 gr a 000 gre |
| 952 |
|
|
|0 0
|1 0
|2 ddc
|4 0
|6 070_430000000000000_ΠΛΕ
|7 0
|9 359556
|a LISP
|b LISP
|c BSC
|d 2022-05-04
|i 256740
|l 1
|o 070.43 ΠΛΕ
|p 025000292383
|r 2025-01-14 09:04:29
|s 2024-12-17
|t 1
|w 2022-05-04
|y BK15
|
| 999 |
|
|
|c 210162
|d 210162
|
| 020 |
|
|
|a 9789600122374
|
| 040 |
|
|
|a GR-PaULI
|c GR-PaULI
|b gre
|e AACR2
|
| 082 |
0 |
4 |
|a 070.43
|2 23
|
| 100 |
1 |
|
|9 39156
|a Πλειός, Γιώργος,
|d 1959-
|e συγγραφέας
|
| 245 |
1 |
0 |
|a Παραποιημένες ειδήσεις (fake news) :
|b ο μετασχηματισμός της προπαγάνδας στην κοινωνία της ενημέρωσης /
|c Γιώργος Πλειός.
|
| 260 |
|
|
|a Αθήνα :
|b Gutenberg,
|c 2021.
|
| 300 |
|
|
|a 510 σ. :
|b εικ. ;
|c 24 εκ.
|
| 504 |
|
|
|a Bιβλιογραφία: σ. [445]-510.
|
| 650 |
|
4 |
|a Ψευδείς ειδήσεις
|9 191611
|
| 650 |
|
4 |
|a Γραμματισμός στα μέσα μαζικής ενημέρωσης
|9 184791
|
| 650 |
|
4 |
|a Προπαγάνδα
|9 56879
|
| 942 |
|
|
|2 ddc
|c BK
|
| 998 |
|
|
|d ΓΚΟΓΚΟΥ
|b 2022-05
|